• 首页
  • 本馆介绍
  • 公告通知
  • 最新文献
  • 馆藏检索
  • 电子资源
  • 读者导购
  • 参考咨询
  • 我的图书馆
  • 登录
  • 详细信息显示
  • 放入我的书架
  • 预约/预借图书
  • 作者相关作品
  • 分类相关作品
  • 丛书相关作品
  • 出版社相关作品

书目信息

  • 表格格式
  • 工作单格式
  • 卡片格式
题名:
矿业经济
    
 
作者: 杨树旺 , 易明 编著
分册:  
出版信息: 北京   科学出版社  2012
页数: 225页
开本: 24cm
丛书名: “资源经济与管理”丛书
单 册:
中图分类: F407.1
科图分类:
主题词: 矿业经济--研究 , 矿业经济
电子资源:
ISBN: 978-7-03-036052-6
000 01178nam0 2200301 450
001 519
005 20140909094310.93
010    @a978-7-03-036052-6@dCNY60.00
100    @a20130123d2012 em y0chiy50 ea
101 0  @achi
102    @aCN@b110000
105    @ay z 000yy
106    @ar
200 1  @a矿业经济@AKuang Ye Jing Ji@e理论、政策与实践@ELi Lun、 Zheng Ce Yu Shi Jian@f杨树旺,易明编著@FYang Shu Wang, Yi Ming Bian Zhu
210    @a北京@c科学出版社@d2012
215    @a225页@d24cm
225 2  @a“资源经济与管理”丛书
300    @a中国质地大学(武汉)人文社会科学学术出版基金资助
330    @a本书根据现代产业经济学的基本理论体系,研究矿业产业市场结构、市场行为、市场绩效;矿业产业结构演进及其规律;矿业投入产业关联、矿业产业布局及政策;矿业产业安全评价;矿业生态文明以及矿产资源规划的基础理论与实践。
461  0 @12001 @a“资源经济与管理”丛书
517 1  @a理论、政策与实践@ALi Lun、 Zheng Ce Yu Shi Jian
606 0  @a矿业经济@x研究
606 0  @a矿业经济
690    @aF407.1@v5
701  0 @a杨树旺@AYang Shu Wang@f(1964~)@4编著
701  0 @a易明@AYi Ming@g(产业经济)@4编著
801  0 @aCN@bTANGWEI@c20140603
905    @b0838063-65@dF407.1@e218@f3
    
    矿业经济:理论、政策与实践/杨树旺,易明编著.-北京:科学出版社,2012
    225页;24cm.-(“资源经济与管理”丛书)
    中国质地大学(武汉)人文社会科学学术出版基金资助
    
    ISBN 978-7-03-036052-6:CNY60.00
    本书根据现代产业经济学的基本理论体系,研究矿业产业市场结构、市场行为、市场绩效;矿业产业结构演进及其规律;矿业投入产业关联、矿业产业布局及政策;矿业产业安全评价;矿业生态文明以及矿产资源规划的基础理论与实践。
●
相关链接 在E读中查询图书 在五车中查询图书 在当当中查询图书 在豆瓣中查询图书


正题名:矿业经济     索取号:F407.1/218         预约/预借

序号 登录号 条形码 馆藏地/架位号 状态 备注
1 0838063   208380633   第一样本阅览室/ [索取号:F407.1/218] 在馆    
2 0838064   208380642   密集书库-海洋学院/ [索取号:F407.1/218] 在馆    
3 0838065   208380651   第一借阅区/ [索取号:F407.1/218] 在馆    
唐山师范学院图书馆 欢迎您!
大连网信软件有限公司© 版权所有